| 000 | 00748nam a2200229 i 4500 | ||
|---|---|---|---|
| 001 | 85283 | ||
| 003 | ES-MaACL | ||
| 005 | 20230906175220.0 | ||
| 007 | t| | ||
| 008 | 041126s1967 sp ||||1| spa d | ||
| 100 | 1 |
_aJouvenroux. _967044 |
|
| 245 | 1 | 0 |
_aCuando se descubre el amor / _cJouvenroux ; [traducción de José Castaño ; versión española revisada por Manuel Baselga Monte]. |
| 250 | _a[6ª ed.]. | ||
| 260 |
_aBarcelona : _bNova Terra, _c[1967] |
||
| 300 |
_a203 p., 8 lám. ; _c16 cm. |
||
| 490 | 1 |
_aEl grano de mostaza ; _v2 |
|
| 700 | 1 |
_aCastaño, José. _936430 |
|
| 700 | 1 |
_aBaselga Monte, Manuel. _926279 |
|
| 830 | 0 |
_aEl grano de mostaza ; _v2 _9183872 |
|
| 852 |
_aES-MaACL _jC-32542 _bR.63040 |
||
| 999 |
_c85283 _d85283 |
||